000 00738nam a2200253Ia 4500
003 OSt
005 20220918223815.0
006 a|||||r|||| 00| 0
007 ta
008 220917b |||||||| |||| 00| 0 eng d
024 _a225,221
037 _cTextual
040 _aARTS
_cARTS
_beng
041 _2eng
_aeng
082 _aV73:1949G.P, P5
100 _aSathasivam Kanishkan
_9146691
245 0 _aUneasy neighbors
_b India, Pakistan and US foreign policy
260 _aEngland
_bAshgate
_c2005
300 _axi, 195p.
_ccm.
490 _aUS foreign policy and conflict in the islamic world
650 _aHISTORY
942 _hV73:1949G.P, P5
_cTEXL
_2CC
999 _c279508
_d279508